000 00351nam a22001337a 4500
082 _a343.0929
_bGOV
_cL-Tech, P-59
110 _aGovt of India
_937860
245 _aIndian electricity rules 1922
_cGovt of India
260 _aCalcutta india
300 _a58 P.:
526 _a0
_b0
_c0
_d343_092900000000000_GOV
650 _aMCE
_9379
942 _2ddc
_cBK
999 _c542616
_d542616